000 00464nam a2200169Ia 4500
005 20250508153521.0
008 008 250505s9999 xx 000 0 eng d
037 _aBooks to be hide in OPAC
040 _aFEDL
_beng
_cFEDL
041 _aeng
_2eng
084 _a640, BAR/O
_qFEDL
245 0 _aChetan balwadi
260 _aBaroda, India
_bDepartment of Child Development
300 _a32p.
942 _cHB
_h640, BAR/O
999 _c1343443
_d1343443